|
|
|
|
| LEADER |
00612nam a22001931a 4500 |
| 020 |
|
|
|a 9788126309344
|c 0.00
|
| 040 |
|
|
|a SSUS - Library - Kalady
|
| 082 |
|
|
|a H1
|b CHA/P
|
| 100 |
|
|
|a Chandradev Singh (ed.)
|
| 245 |
|
|
|a Paanch jod bansuree
|h [Text]
|
| 260 |
|
|
|a New Delhi
|b Bharatiya Jnanpith
|c 2003
|
| 300 |
|
|
|a 226p.
|
| 600 |
|
|
|a Literature Hindi
|
| 600 |
|
|
|a Literature
|
| 600 |
|
|
|a Poetry Hindi
|
| 852 |
|
|
|h H1
|i CHA/P
|p 051089
|9 150.00
|t 0
|
| 942 |
|
|
|c BK
|
| 999 |
|
|
|c 32920
|d 32920
|
| 952 |
|
|
|0 0
|1 0
|4 0
|6 H_1_000000000000000_CHA_P
|7 0
|9 47696
|a SSUS
|b SSUS
|d 2015-01-08
|g 150.00
|o H1 CHA/P
|p 051089
|r 2015-01-08
|v 0.00
|w 2015-01-08
|y BK
|